|
|
|
|
| LEADER |
00000nam0a2200000 4500 |
| 001 |
378053 |
| 005 |
20231102012956.0 |
| 010 |
|
|
|a 9780194743501
|
| 035 |
|
|
|a (RuTPU)RU\TPU\retro\35508
|
| 035 |
|
|
|a RU\TPU\book\268212
|
| 090 |
|
|
|a 378053
|
| 100 |
|
|
|a 20230515d2010 m y0engy50 ba
|
| 101 |
0 |
|
|a eng
|
| 102 |
|
|
|a US
|
| 105 |
|
|
|a a j 000zy
|
| 200 |
1 |
|
|a People, Places, and Things 1. Listening
|e Comprehension. Vocabulary. Test Preparation
|
| 210 |
|
|
|a New York
|c Oxford University Press
|d 2010
|
| 215 |
|
|
|a 92 p.
|
| 606 |
1 |
|
|a Английский язык
|x Учебные руководства и пособия
|x Учебные руководства и пособия для высшей школы
|2 stltpush
|3 (RuTPU)RU\TPU\subj\29071
|9 52483
|
| 606 |
1 |
|
|a Английский язык
|x Учебные руководства и пособия
|x Пособия по развитию речи, разговорники
|2 stltpush
|3 (RuTPU)RU\TPU\subj\29074
|9 52486
|
| 610 |
1 |
|
|a лексика
|
| 610 |
1 |
|
|a грамматика
|
| 610 |
1 |
|
|a разговорная речь
|
| 610 |
1 |
|
|a упражнения
|
| 610 |
1 |
|
|a тесты
|
| 610 |
1 |
|
|a слушание
|
| 610 |
1 |
|
|a понимание
|
| 610 |
1 |
|
|a говорение
|
| 610 |
1 |
|
|a упражнения
|
| 686 |
|
|
|a Ш143.21-923.4
|v LBC/SL-A
|2 rubbk
|
| 801 |
|
1 |
|a RU
|b 63413507
|c 20131209
|
| 801 |
|
2 |
|a RU
|b 63413507
|c 20230515
|g RCR
|
| 942 |
|
|
|c BK
|